Genesis Quiz #1 - Statistics

General Stats
  • This quiz has been taken 112 times
  • The average score is 5 of 15
Answer Stats
Hint Answer % Correct
Who did God instruct to build an ark to ensure his survival? Noah
98%
What was the name of the place where God confused the language of all the people? Babel
68%
Who was turned into a pillar of salt when she looked back towards Sodom and Gomorrah? Lot's wife
65%
What did God do on the 7th day of creation? Rested
60%
Who interceded for Sodom when he learned God intended to destroy the city? Abraham
49%
What was the name of Ishmael's mother Hagar
40%
What was the name for Jacob's firstborn child? Reuben
32%
What did Jacob see in a dream reaching up to heaven? Ladder
28%
What did God place with the cherubim to guard the Tree of Life? Flaming Sword
25%
What was the name of Abraham's second wife? Keturah
9%
Which two of Jacob's sons took revenge of Shechem? Simeon and Levi
9%
How many kings marched out in battle at the Valley of Siddim? Nine
8%
How old was Isaac when he died? 180
7%
Why did Jacob flee to live with Laban? Esau wanted to kill him
6%
What did Abraham purchase from the Hittites for 400 shekels of silver Field
6%
No matching quizzes found
Score Distribution
Percent of People with Each Score
Percentile by Number Answered
Your Score History
You have not taken this quiz